000 00643nam a22002177a 4500
003 UA-OsUOA
001 82071
007 ta
008 20120215b un ||||| |||| 00| 0 ukr d
090 _a821.161.1
_bР89
942 _cBK
040 _aUA-OsUOA
_brus
_cUA-OsUOA
_dUA-OsUOA
245 _aРусская литературная утопия
_cобщ. ред. Шестакова В.П.
300 _a318 с.
955 _a1
041 _arus
080 _a821.161.1
260 _aМ.
_bИзд-во Московского ун-та
_c1986
650 7 _a82 Література. Літературознавство
_2UDC
999 _c368368
_d368368